000 00988nam0a22002651 4500
001 rc\406709
005 20250621073954.0
035 _a(NLR Aleph) 005655061
090 _a6812874
_c6812874
100 _a20030616d1988 |||y0rusy50 ca
101 0 _arus
102 _aRU
105 _ay |||||||||
200 1 _aИндивидуальная трудовая деятельность в СССР
210 _aМ.
_cО-во "Знание" РСФСР
_d1988
215 _a40, [1] с.
_d20
225 1 _aВ помощь лектору
_fО-во "Знание" РСФСР, Секция пропаганды знаний о государстве и праве
320 _aБиблиогр. на 4-й с. обл. (8 назв.)
700 1 _aАвтаева
_bН.Е.
_gНина Евдокимовна
701 1 _aОсипенко
_bО.В.
_gОлег Валентинович
801 0 _aRU
_bNLR
_gpsbo
801 1 _aRU
_bELAR
_2rusmarc
852 _aNLR
_j88-4/8816
942 _cBOOK
980 _aNB